Score 0/65 Timer 08:00
0 Plays Today
Decade Name % Correct
1880sKatherine
89.2%
1890sKatherine
89.1%
1900sKatherine
89.1%
1910sKatherine
89.1%
1920sKatherine
89.1%
1930sKatherine
89.1%
1940sKatherine
89.1%
1950sKatherine
89.1%
1970sKatherine
89.1%
1980sKatherine
89.1%
1990sKatherine
89.1%
2000sKatherine
89.1%
1880sKate
81.7%
1890sKate
81.7%
1900sKate
81.3%
1880sKatie
78.6%
1890sKatie
78.6%
1900sKatie
78.6%
1910sKatie
78.6%
1980sKatie
78.6%
1920sKatie
77.9%
1960sKelly
73.1%
1970sKelly
73.1%
1980sKelly
73.1%
1960sKimberly
69.8%
1970sKimberly
69.8%
1980sKimberly
69.8%
1990sKimberly
69.8%
2000sKimberly
69.8%
1930sKaren
66.9%
1940sKaren
66.8%
1950sKaren
66.8%
1960sKaren
66.8%
Decade Name % Correct
1970sKaren
66.8%
1940sKathy
65.8%
1950sKathy
65.8%
1960sKathy
65.8%
1930sKay
63.5%
1920sKay
62.4%
1890sKathleen
49.4%
1900sKathleen
49.4%
1910sKathleen
49.4%
1920sKathleen
49.4%
1930sKathleen
49.4%
1940sKathleen
49.4%
1950sKathleen
49.4%
1960sKathleen
49.4%
1970sKathleen
49.4%
1980sKristen
48.3%
1880sKathryn
48.2%
1890sKathryn
48.2%
1900sKathryn
48.2%
1910sKathryn
48.2%
1920sKathryn
48.2%
1930sKathryn
48.2%
1940sKathryn
48.2%
1950sKathryn
48.2%
1990sKayla
44.8%
2000sKayla
44.8%
1990sKaitlyn
38.9%
2000sKaitlyn
38.9%
1990sKelsey
31.9%
2000sKaylee
27.2%
1880sKatharine
23.6%
1910sKatharine
23.6%

You're not logged in!

Compare scores with friends on all Sporcle quizzes.
OR
Log In

Sporcle TV

Today on Sporcle TV


Watch our educational content, quiz creation guides, and fun videos on Sporcle TV.

Show Comments

Extras

Top Quizzes Today


Score Distribution

Your Account Isn't Verified!

In order to create a playlist on Sporcle, you need to verify the email address you used during registration. Go to your Sporcle Settings to finish the process.

Report this User

Report this user for behavior that violates our Community Guidelines.

Details: